Normal view MARC view
  • Ullman, Jeffrey.D,Widom, Jennifer,Garcia-Molina, Hector

Entry Personal Name

Number of records used in: 1

001 - CONTROL NUMBER

  • control field: 60816

003 - CONTROL NUMBER IDENTIFIER

  • control field: NUST

005 - DATE AND TIME OF LATEST TRANSACTION

  • control field: 20210628202631.0

008 - FIXED-LENGTH DATA ELEMENTS

  • fixed length control field: 210628|| aca||aabn | a|a d

040 ## - CATALOGING SOURCE

  • Original cataloging agency: NUST
  • Transcribing agency: NUST

100 ## - HEADING--PERSONAL NAME

  • Personal name: Ullman, Jeffrey.D,Widom, Jennifer,Garcia-Molina, Hector

670 ## - SOURCE DATA FOUND

  • Source citation: Work cat.: (NUST): Ullman, Jeffrey.D,Widom, Jennifer,Garcia-Molina, Hector, Database system implementation, 2001
© 2023 Central Library, National University of Sciences and Technology. All Rights Reserved.